جوے کہکشاں / (Record no. 107774)

MARC details
000 -LEADER
fixed length control field 00907nam a22002657a 4500
005 - DATE AND TIME OF LATEST TRANSACTION
control field 20170123162331.0
010 ## - LIBRARY OF CONGRESS CONTROL NUMBER
LC control number 535629
020 ## - INTERNATIONAL STANDARD BOOK NUMBER
Terms of availability 00.00
035 ## - SYSTEM CONTROL NUMBER
System control number 535629
037 ## - SOURCE OF ACQUISITION
Source of stock number/acquisition Cen Lib/Ret
040 ## - CATALOGING SOURCE
Original cataloging agency DPL
Language of cataloging UR
082 ## - DEWEY DECIMAL CLASSIFICATION NUMBER
Classification number 841
Item number ا م ج
100 ## - MAIN ENTRY--PERSONAL NAME
Personal name امجد نجمی
9 (RLIN) 121421
245 ## - TITLE STATEMENT
Title جوے کہکشاں /
Statement of responsibility, etc امجد نجمی ؛ مرتب کرامت الی کرامت
246 ## - VARYING FORM OF TITLE
Title proper/short title Joye kehkashan /
Remainder of title by Amjad Najmi ; edited by Karmat Ali Karamat
260 ## - PUBLICATION, DISTRIBUTION, ETC. (IMPRINT)
Name of publisher, distributor, etc اُڑیا ساہتیہ اکادمی
Place of publication, distribution, etc بھونیشور
Date of publication, distribution, etc 1969
270 ## - ADDRESS
Address ١٩٥٥، گلی نواب مرزا، ترکمان گاتے
300 ## - PHYSICAL DESCRIPTION
Extent 174p.
Dimensions 18cm(Hb)
650 ## - SUBJECT ADDED ENTRY--TOPICAL TERM
Topical term or geographic name as entry element ادب -- اردو
9 (RLIN) 121422
650 ## - SUBJECT ADDED ENTRY--TOPICAL TERM
Topical term or geographic name as entry element اردو نظم
9 (RLIN) 121423
650 ## - SUBJECT ADDED ENTRY--TOPICAL TERM
Topical term or geographic name as entry element Urdu literature
9 (RLIN) 121424
650 ## - SUBJECT ADDED ENTRY--TOPICAL TERM
Topical term or geographic name as entry element Urdu poetry
9 (RLIN) 121425
700 ## - ADDED ENTRY--PERSONAL NAME
Personal name کرامت الی کرامت
9 (RLIN) 109505
942 ## - ADDED ENTRY ELEMENTS (KOHA)
Source of classification or shelving scheme Dewey Decimal Classification
Koha item type Urdu Bks
Classification part ک
Call number suffix ا م ج
Holdings
Withdrawn status Lost status Damaged status Not for loan Home library Current library Date acquired Source of acquisition Cost, normal purchase price Total Checkouts Full call number Barcode Date last seen Copy number Cost, replacement price Price effective from Koha item type
        Central Library Central Library 11/01/2016 Cen Lib/Ret 0.00   841 ا م ج 535629 11/01/2016 1 0.00 11/01/2016 Urdu Bks

© Delhi Public Library
Hit Counter
free hit counter